• 首页
  • 本馆介绍
  • 公告通知
  • 最新文献
  • 馆藏检索
  • 电子资源
  • 读者导购
  • 参考咨询
  • 我的图书馆
  • 登录
  • 详细信息显示
  • 放入我的书架
  • 预约/预借图书
  • 作者相关作品
  • 分类相关作品
  • 丛书相关作品
  • 出版社相关作品

书目信息

  • 表格格式
  • 工作单格式
  • 卡片格式
题名:
经济和统计名词词典
    
 
作者: ;戴世光 译 ;美国商务部社会经济统计资料管理署 编
分册:  
出版信息: 北京   中国人民大学出版社  1980
页数: 128页
开本: 19cm
丛书名:
单 册:
中图分类: F222-61
科图分类:
主题词: 经济--计算 , 经济数学--方法
电子资源:
ISBN:
000 00939nam0 2200265 45
001 0180002725
005 20060607161839.26
010    @dCNY0.40
091    @a3011.152
100    @a19950428d1980 em y0chiy0121 ea
101 1  @achi@ceng
102    @aCN@b110000
105    @ay e 000yy
200 10 @a经济和统计名词词典@Ajing ji he tong ji ming ci ci dian@f美国商务部社会经济统计资料管理署编@Fmei guo shang wu bu she hui jing ji tong ji zi liao guan li shu bian@g戴世光译
210    @a北京@c中国人民大学出版社@d1980
215    @a128页@d19cm
510 1  @aDictionary of economic and statistical terms@zeng
606 0  @a经济@x计算
606 0  @a经济数学@x方法
690    @aF222-61@v4
702  0 @a戴世光@Adai shi guang@4译
711 02 @a美国商务部社会经济统计资料管理署@Amei guo shang wu bu she hui jing ji tong ji zi liao guan li shu@4编
801  2 @aCN@bNLC@c20060607
801  0 @aCN@b上海图书馆@c20040425
905    @dF222-61@e23
    
    经济和统计名词词典/美国商务部社会经济统计资料管理署编/戴世光译.-北京:中国人民大学出版社,1980
    128页;19cm
    
    
    ISBN :CNY0.40
    
●
相关链接 在E读中查询图书 在五车中查询图书 在当当中查询图书 在豆瓣中查询图书


正题名:经济和统计名词词典     索取号:F222-61/23         预约/预借

序号 登录号 条形码 馆藏地/架位号 状态 备注
1 0077070   000205209   密集书库/ [索取号:F222-61/23] 在馆    
2 0077073   000205236   第一借阅区/ [索取号:F222-61/23] 在馆    
3 0077074   000205245   第一样本阅览室/ [索取号:F222-61/23] 在馆    
4 0420759   204207599   密集书库/ [索取号:F222-61/23] 在馆    
5 0420760   204207606   密集书库/ [索取号:F222-61/23] 在馆    
6 0420761   204207615   密集书库/ [索取号:F222-61/23] 在馆    
7 0420762   204207624   密集书库/ [索取号:F222-61/23] 在馆    
唐山师范学院图书馆 欢迎您!
大连网信软件有限公司© 版权所有